| Tag |
First Indicator |
Second Indicator |
Subfields |
| LEADER |
00000cam a2200000 a 4500 |
| 001 |
in00000035247 |
| 005 |
20151007055336.0 |
| 008 |
840920s1981 sp af b 00010 spa d |
| 020 |
|
|
|a 8437600448 (pbk.)
|
| 035 |
|
|
|a (OCoLC)11177444
|
| 035 |
|
|
|9 AAB7954AM
|
| 040 |
|
|
|a COC
|c COC
|d XBM
|d m/c
|d TXA
|d UtOrBLW
|
| 049 |
|
|
|a TXAM
|c [A11493158]
|
| 050 |
|
4 |
|a NX450.6.M3
|b O76 1981
|
| 100 |
1 |
|
|a Orozco Díaz, Emilio.
|
| 245 |
1 |
0 |
|a Manierismo y barroco /
|c Emilio Orozco Díaz.
|
| 250 |
|
|
|a 3a ed.
|
| 264 |
|
1 |
|a Madrid :
|b Ediciones Cátedra,
|c 1981.
|
| 300 |
|
|
|a 211 pages, 16 unnumbered pages of plates :
|b illustrations ;
|c 21 cm.
|
| 336 |
|
|
|a text
|b txt
|2 rdacontent
|
| 337 |
|
|
|a unmediated
|b n
|2 rdamedia
|
| 338 |
|
|
|a volume
|b nc
|2 rdacarrier
|
| 504 |
|
|
|a Includes bibliographical references.
|
| 650 |
|
0 |
|a Mannerism (Art)
|
| 650 |
|
0 |
|a Arts, Baroque.
|
| 650 |
|
0 |
|a Arts and religion.
|
| 999 |
|
|
|a MARS
|
| 999 |
f |
f |
|s 4d49390a-4afc-354b-8d2d-29e9419d57e5
|i 4d2adb43-1b7a-3fa1-b74d-3ffc0b5566ea
|t 0
|
| 952 |
f |
f |
|p ric
|a Texas A&M University
|b Rellis Campus
|c Joint Library Facility
|d Remote Storage
|t 0
|e NX450.6.M3 O76 1981
|h Library of Congress classification
|i unmediated -- volume
|m A14811493158
|
| 998 |
f |
f |
|a NX450.6.M3 O76 1981
|t 0
|l Remote Storage
|